000 00276nam a2200121 i 4500
001 bg
245 0 _aRacjonalizacja systemu transportu krajowego.
260 _aSzczecin,
_c1973.
040 _cBPK
041 _apol
942 _cKS
008 s pl f |000 0 pol
999 _c26108
_d26108
856 _uhttp://koha.tu.koszalin.pl/cgi-bin/koha/opac-detail.pl?biblionumber=26108
_yKatalog online BPK